Normal view
MARC view
Entry Personal Name
001 - CONTROL NUMBER
- control field: 33244
003 - CONTROL NUMBER IDENTIFIER
- control field: ARRUPE
005 - DATE AND TIME OF LATEST TRANSACTION
- control field: 20170718144422.0
008 - FIXED-LENGTH DATA ELEMENTS
- fixed length control field: 170718|| aca||aabn | a|a d
040 ## - CATALOGING SOURCE
- Original cataloging agency: ARRUPE
- Transcribing agency: ARRUPE
100 ## - HEADING--PERSONAL NAME
- Personal name: Hartman, James B.,
- Relator term: comp.
670 ## - SOURCE DATA FOUND
- Source citation: Work cat.: (ARRUPE)37441: Hartman, James B., comp., Philosophy of recent times,, [1966-67]